[Event "Copenhagen Obro CXU New Year op"]
[Site "Copenhagen"]
[Date "2023.12.27"]
[Round "1"]
[White "Thuesen, Mogens Henrik"]
[Black "Peitersen, Andreas"]
[Result "1-0"]
[WhiteElo "2086"]
[BlackElo "1701"]
[PlyCount "69"]
[EventDate "2023.12.27"]
[EventType "swiss"]
[EventRounds "7"]
[EventCountry "DEN"]
[SourceTitle "CB01_2024"]
[SourceDate "2024.01.03"]
[SourceVersion "1"]
[SourceVersionDate "2024.01.03"]
[SourceQuality "1"]

1. d4 Nf6 2. c4 e6 3. Nf3 d5 4. g3 Be7 5. Bg2 Nbd7 6. 0-0 0-0 7. Qc2 b6 8. Nc3 Bb7 9. Rd1 Rc8 10. cxd5 exd5 11. Ne5 c5 12. Nxd7 Qxd7 13. dxc5 Bxc5 14. Qa4 Bc6 15. Qh4 Qf5 16. Be3 Bxe3 17. fxe3 Qe6 18. Rd3 Rce8 19. Rad1 Re7 20. Qf4 Rfe8 21. Bf3 h6 22. a3 Qe5 23. Kf2 a5 24. Qd4 Qxd4 25. exd4 a4 26. e3 Kh7 27. Re1 Kg6 28. Bd1 h5 29. Bxa4 Bxa4 30. Nxa4 Ng4+ 31. Kg1 Nxe3 32. Nxb6 Ng4 33. Rxe7 Rxe7 34. Rd2 Re1+ 35. Kg2 1-0

[Event "EU-chT Seniors 65"]
[Site "Swidnica"]
[Date "2023.07.12"]
[Round "1.4"]
[White "Thuesen, Mogens Henrik"]
[Black "Hardicsay, Peter"]
[Result "0-1"]
[WhiteElo "2094"]
[BlackElo "2180"]
[PlyCount "82"]
[EventDate "2023.07.12"]
[EventType "team-swiss"]
[EventRounds "9"]
[EventCountry "POL"]
[SourceTitle "CBM 215 Extra"]
[Source "ChessBase"]
[SourceDate "2023.09.30"]
[SourceVersion "1"]
[SourceVersionDate "2023.09.30"]
[SourceQuality "1"]
[WhiteTeam "Denmark 65"]
[BlackTeam "Hungary 65"]
[WhiteTeamCountry "DEN"]
[BlackTeamCountry "HUN"]

1. d4 Nf6 2. c4 d6 3. Nc3 Nbd7 4. e4 e5 5. d5 Nc5 6. f3 a5 7. Nge2 Be7 8. Be3 Bd7 9. Qd2 0-0 10. Nc1 Nh5 11. Nd3 b6 12. g3 g6 13. Nxc5 bxc5 14. Bh6 Ng7 15. h4 f6 16. Bh3 Bxh3 17. Rxh3 Qd7 18. g4 Rf7 19. 0-0-0 Bf8 20. Rdh1 Ne8 21. Be3 Rg7 22. Ne2 f5 23. gxf5 gxf5 24. Bh6 Rg6 25. Bxf8 Kxf8 26. h5 Rg2 27. Rg3 Rxg3 28. Nxg3 f4 29. Nf5 Ng7 30. Qg2 Nxf5 31. Qg4 Qg7 32. Qxf5+ Kg8 33. h6 Qg6 34. Qh3 Kh8 35. a3 Rg8 36. Qh4 Qg5 37. Kb1 Qxh4 38. Rxh4 Rg3 39. Rh5 Rxf3 40. Rf5 Kg8 41. Rg5+ Kf8 0-1

[Event "Nordsjalland Weekend op-A"]
[Site "Allerod"]
[Date "2023.01.07"]
[Round "2"]
[White "Moe, Mogens"]
[Black "Thuesen, Mogens Henrik"]
[Result "0-1"]
[WhiteElo "2171"]
[BlackElo "2137"]
[PlyCount "92"]
[EventDate "2023.01.06"]
[EventType "swiss"]
[EventRounds "5"]
[EventCountry "DEN"]
[SourceTitle "EXT 2024"]
[Source "ChessBase"]
[SourceDate "2023.10.10"]
[SourceVersion "1"]
[SourceVersionDate "2023.10.10"]
[SourceQuality "1"]

1. e4 c5 2. Nf3 e6 3. d4 cxd4 4. Nxd4 Nf6 5. Nc3 Nc6 6. g3 d6 7. Bg2 Bd7 8. 0-0 Nxd4 9. Qxd4 Bc6 10. b4 e5 11. Qd3 Be7 12. Rd1 h6 13. a4 0-0 14. Ba3 Rc8 15. Rac1 b6 16. Nb5 Qd7 17. c4 Rfd8 18. Qe3 Qb7 19. f3 Ne8 20. Nc3 Bd7 21. Bf1 Be6 22. Nd5 Bg5 23. f4 exf4 24. gxf4 Bh4 25. Rc2 Nf6 26. Nxf6+ Bxf6 27. b5 d5 28. f5 d4 29. Qe1 Bd7 30. Bg2 Qc7 31. c5 bxc5 32. Rxc5 Qf4 33. Qg3 Qxg3 34. hxg3 a6 35. bxa6 Bxa4 36. Rxc8 Rxc8 37. Rd2 Bg5 38. Rb2 d3 39. Bb4 Be3+ 40. Kf1 Rc1+ 41. Be1 d2 42. Rxd2 Bxd2 43. a7 Rxe1+ 44. Kf2 Bc6 45. e5 Bxg2 46. Kxg2 Ra1 0-1

[Event "Nova Gorica op-A 26th"]
[Site "Nova Gorica"]
[Date "2022.09.16"]
[Round "1"]
[White "Ghazarian, Kirk Vagho"]
[Black "Thuesen, Mogens Henrik"]
[Result "1-0"]
[WhiteElo "2440"]
[BlackElo "2242"]
[PlyCount "97"]
[EventDate "2022.09.16"]
[EventType "swiss"]
[EventRounds "9"]
[EventCountry "SLO"]
[SourceTitle "CBM 210 Extra"]
[Source "ChessBase"]
[SourceDate "2022.11.30"]
[SourceVersion "1"]
[SourceVersionDate "2022.11.30"]
[SourceQuality "1"]

1. d4 d5 2. Nf3 e6 3. c4 c6 4. e3 Nf6 5. b3 Nbd7 6. Bb2 Bb4+ 7. Nbd2 0-0 8. Bd3 Ne4 9. a3 Ba5 10. b4 Nxd2 11. Qxd2 Bc7 12. 0-0 Qe7 13. Qc2 h6 14. Rac1 dxc4 15. Qxc4 Bd6 16. Bb1 Rd8 17. Qc2 Nf8 18. e4 a5 19. e5 Bb8 20. Bc3 b6 21. Nd2 c5 22. dxc5 bxc5 23. b5 Bb7 24. Nc4 Qh4 25. f4 Ng6 26. Rcd1 Bc7 27. b6 Rxd1 28. Qxd1 Rd8 29. Qe1 Qxe1 30. Rxe1 Bb8 31. Nxa5 Bd5 32. g3 Ne7 33. Bc2 Nc8 34. Rb1 g5 35. Kf2 f6 36. Ke3 fxe5 37. Bxe5 Nd6 38. Bd3 c4 39. Bxd6 Bxd6 40. Nxc4 Bc5+ 41. Ke2 gxf4 42. gxf4 Rb8 43. Rb5 Bg1 44. a4 Bc6 45. Rb1 Bxh2 46. a5 Bxf4 47. a6 h5 48. b7 Bc7 49. a7 1-0

[Event "Copenhagen Obro op"]
[Site "Copenhagen"]
[Date "2022.08.24"]
[Round "4"]
[White "Thuesen, Mogens Henrik"]
[Black "Hillarp Persson, Tiger"]
[Result "1/2-1/2"]
[WhiteElo "2230"]
[BlackElo "2514"]
[PlyCount "96"]
[EventDate "2022.08.22"]
[EventType "swiss"]
[EventRounds "9"]
[EventCountry "DEN"]
[SourceTitle "CBM 209 Extra"]
[Source "ChessBase"]
[SourceDate "2022.09.30"]
[SourceVersion "1"]
[SourceVersionDate "2022.09.30"]
[SourceQuality "1"]

1. d4 Nf6 2. c4 e6 3. Nc3 Bb4 4. e3 0-0 5. Bd3 c5 6. Nf3 b6 7. 0-0 Bb7 8. Bd2 cxd4 9. exd4 d5 10. cxd5 Bxc3 11. bxc3 Qxd5 12. Rb1 Nbd7 13. Rb5 Qxa2 14. Ne5 Nxe5 15. Rxe5 Rac8 16. Bg5 Nd5 17. Qh5 f5 18. c4 Nf6 19. Bxf6 Rxf6 20. d5 Rh6 21. Qd1 Qa3 22. Rfe1 Qd6 23. h3 exd5 24. Bxf5 Rf8 25. cxd5 Rhf6 26. Be6+ Kh8 27. f3 b5 28. R5e4 a5 29. Qd4 h6 30. Ra1 a4 31. Rb1 Ba6 32. Qa7 Rf4 33. Bg4 a3 34. Re6 a2 35. Rf1 R4f7 36. Qxa6 Qc5+ 37. Kh1 Ra7 38. Qb6 Qxb6 39. Rxb6 a1Q 40. Rxa1 Rxa1+ 41. Kh2 Rb1 42. d6 Rd8 43. Bf5 Rd1 44. d7 Rd5 45. g4 Rc5 46. Kg3 Kg8 47. h4 Kf7 48. h5 Rxf5 1/2-1/2